000 00563nam a22001817a 4500
005 20240212071719.0
008 240212b |||||||| |||| 00| 0 eng d
020 _a040601020 X ; 0406010765
041 _aEnglish
082 _a347.7 ATK
100 _lEnglish
245 _aAtkin's Encyclopedia of Court Forms in Civil Proceedings :
_bConsumer Credit
250 _aSecond Edition
260 _aLondon :
_bButterworths,
_c1981
300 _bxxiii, 220 pages ;
_c26 cm.
650 _aLegal practice
_bLaw
942 _cBK
_6ALISON_BN_VRIES
999 _c1335
_d1335